Регионална библиотека "Любен Каравелов" - Русе

Ръководство по авиомоделизъм (Запис номер 165517)

MARC детайли
000 -Лидер
Контролно поле с фиксирана дължина 01530nam a2200349 c 4500
003 - Код на организацията, давaща контролен номер
Контролно поле BLK
005 - Дата и час на последна редакция
Контролно поле 20220714121223.0
008 - Елементи от данни с фиксирана дължина
fixed length control field 180410b bul|||||r ||||||| ||bul||
010 ## - Наследен системен номер
LC control number KNG00173131000
040 ## - Източник на каталожния запис
Идентификатор на билиотеката - собственик на записа BLK
041 ## - Код за език
Код за езика на текст/звукозапис или на отделно заглавие Български
Код за езика КДБФ Български
080 ## - УДК
Текстов определител УДК Авиомоделизъм
УДК код - определител по УДК 629.73.001.57
УДК определител (035)
УДК - код + определител 629.73.001.57(035)
100 1# - Редна дума - Автор
Автор Джонджоров, Атанас А.
Авторска отговорност първи автор
R(LIN) 60965
139 ## - Редно поле
Редна дума Джонджоров, Атанас А. и др.
Авторски знак Джо - Д 52
245 10 - Сведения за заглавието
Заглавие Ръководство по авиомоделизъм
Редно поле (дума) Атанас А. Джонджоров; съавт. Стоян Любенов Невенкин; науч. ред. Коста Божинов.
250 ## - Област на изданието
Сведения за изданието 3. доп. изд.
257 ## - Страна на издаване
Страна на създаване/издаване България
260 ## - Област на издателските данни
Име на издателя, разпространителя и проч. Техника
Година на издаване 1973
Печатница Шумен : печ. Г. Димитров
Място на издаване, разпространение и проч. София
300 ## - Физическа характеристика
Страници 240 с.
Илюстрации и др. с черт.
Размери/Мащаб 21 см
380 ## - Жанр
Жанр Техника
490 1# - СЕРИИ (Колекции)
Име на серия Библиотека Моделист-конструктор
500 ## - Общи забележки
Забележка 1. изд. 1960 под авт. Атанас Джонджоров.
650 #4 - Допълнително описание по предмет – тема
Основно описание – тема или топоним Авиомоделизъм - наръчници и ръководства
9 (RLIN) 146224
653 ## - Ключова дума – ненормативна
Ключова дума авиомоделизъм
700 1# - Други автори (авторска отговорност)
Лично име Невенкин, Стоян Любенов
Автороска отговорност (Описва отношението между автора и произведението) съавт.
9 (RLIN) 363830
700 1# - Други автори (авторска отговорност)
Лично име Божинов, Коста
Автороска отговорност (Описва отношението между автора и произведението) науч. ред.
9 (RLIN) 336779
852 ## - Местоположение
Форматна сигнатура Цб 67297
856 4# - Електронен адрес и достъп
Електронен формат pdf - файл
856 4# - Електронен адрес и достъп
Електронен формат pdf - файл
999 ## - СИСТЕМНИ КОНТРОЛНИ НОМЕРА
Koha biblionumber 165517
Koha biblioitemnumber 165517
942 ## - АРТИКУЛИ
Вид на библиотечния материал Книги
Скрит в OPAC Не
Koha issues (borrowed), all copies 2
Периодичен библиозапис Да
944 ## - СЪЗДАВАНЕ И РЕДАКЦИЯ на ЗАПИСА
Създаване/Редакция Създаване
Дата на регистрацията/редакция 17.03.2015
Служител, извършил регистрацията/редакцията Ренета_Константинова
944 ## - СЪЗДАВАНЕ И РЕДАКЦИЯ на ЗАПИСА
Създаване/Редакция Редакция
Дата на регистрацията/редакция 17.03.2015
Служител, извършил регистрацията/редакцията Ренета_Константинова
999 ## - СИСТЕМНИ КОНТРОЛНИ НОМЕРА
Koha biblioitemnumber 165517
Наличности
Код за отписване Код за изгубен артикул Източник на класификационната схема Код за повреда Коз за рестрикции Код за отдаване Артикулен № Име на библиотеката - собственик Име на библиотеката, в която се намира в момента Статус (Текущо местоположение) Дата на вписване в системата Местоположение - отдел Цена в лева Инвентарен номер Систематично азбучна сигнатура Баркод Номер на екземпляра Цена в евро Служебна бележка Служебен тип на артикула
  Не е изгубен Universal Decimal Classification Не е повреден без рестрикции ползва се в читалня 279119 Регионална библиотека "Любен Каравелов" Русе Регионална библиотека "Любен Каравелов" Русе Хранилище 1973-01-01 Хранилище 1.04 137132 Цб 67297 120000137132 1 0.53 Дост: Dp Вид: Д N: стар фонд Дата: 01.01.1973 Книги
Изтеглен Не е изгубен Universal Decimal Classification Не е повреден без рестрикции заемане за дома 279120 Регионална библиотека "Любен Каравелов" Русе Регионална библиотека "Любен Каравелов" Русе Заемна - подръчен фонд 1973-01-01 Заемна - подръчен фонд 1.04 137809 П 629.73/Д 52 137809 2 0.53 Вид: Сф N: стар фонд Дата: 01.01.1973 Книги
Изтеглен Не е изгубен Universal Decimal Classification Не е повреден без рестрикции заемане за дома 279121 Регионална библиотека "Любен Каравелов" Русе Регионална библиотека "Любен Каравелов" Русе Заемна - подръчен фонд 1973-01-01 Заемна - подръчен фонд 1.04 137812 П 629.73/Д 52 137812 3 0.53 Вид: Сф N: стар фонд Дата: 01.01.1973 Дата инв: 07.02.2018 Бележки инв: П2018 Книги
Изтеглен Не е изгубен Universal Decimal Classification Не е повреден без рестрикции заемане за дома 279122 Регионална библиотека "Любен Каравелов" Русе Регионална библиотека "Любен Каравелов" Русе Детски отдел 1973-01-01 Детски отдел 1.04 137589 ДН 629/Д 52 137589 4 0.53 Вид: Сф N: стар фонд Дата: 01.01.1973 Дата инв: 02.10.2015 Бележки инв: Д2015 Книги
Vip Innovations Ltd, Rousse, Bulgaria 2025